Statistics for Jonas Brothers Charting Songs (Billboard Hot 100)

Click here to take the quiz!

General Stats

  • This quiz has been taken 46 times
    (23 since last reset)
  • The average score is 11 of 23

Answer Stats

AlbumWeeks OnPeakArtist(s)Song% Correct
Happiness Begins47 Weeks#1 (1 Week)Jonas BrothersSucker
100%
A Little Bit Longer16 Weeks#5Jonas Brothers ft. Big RobBurnin' Up
93%
Happiness Begins36 Weeks#18Jonas BrothersOnly Human
73%
Non-Album Single5 Weeks#20Disney's Friends For Change (Jonas Brothers, Miley Cyrus, Demi Lovato & Selena Gomez)Send It On
73%
Jonas Brothers21 Weeks#17Jonas BrothersS.O.S.
73%
A Little Bit Longer14 Weeks#49Jonas BrothersLovebug
67%
Camp Rock5 Weeks#20Jonas BrothersPlay My Music
67%
Happiness Begins17 Weeks#27Jonas BrothersCool
67%
XV EP7 Weeks#33Jonas Brothers ft. Karol GX
60%
Non-Album Single12 Weeks#16Jonas BrothersWhat a Man Gotta Do
53%
A Little Bit Longer1 Week#11Jonas BrothersA Little Bit Longer
53%
Lines, Vines and Trying Times1 Week#83Jonas BrothersFly With Me
47%
Jonas Brothers9 Weeks#31Jonas BrothersYear 3000
40%
Jonas Brothers7 Weeks#53Jonas BrothersHold On
40%
Don't Forget1 Week#100Demi Lovato ft. Jonas BrothersOn The Line
40%
Jonas Brothers17 Weeks#25Jonas BrothersWhen You Look Me in the Eyes
33%
Lines, Vines and Trying Times7 Weeks#35Jonas BrothersParanoid
27%
A Little Bit Longer4 Weeks#8Jonas BrothersTonight
27%
LiVe1 Week#60Jonas BrothersPom Poms
27%
A Little Bit Longer1 Week#88Jonas BrothersBB Good
20%
Non-Album Single4 Weeks#44Jonas BrothersLike It's Christmas
13%
A Little Bit Longer2 Weeks#16Jonas BrothersPushin' Me Away
7%
Music from the 3D Concert Experience1 Week#84Jonas BrothersLove Is On Its Way
0%

Score Distribution

Percentile by Number Answered

Percent of People with Each Score

Your Score History

You have not taken this quiz since the last reset